000 00706nam a2200289Ia 4500
005 20260324145912.0
008 008 260324s9999 xx 000 0 eng d
020 _a9780429452567
037 _aEBOOK
040 _aCRL
040 _beng
040 _cCRL
041 _2eng
041 _aeng
084 _qCRL
100 _aDavid Casey; David Pearce
_91224594
245 0 _aMore Than Management Development
245 0 _bAction Learning at General Electric Company
260 _bTaylor and Francis
260 _c1977
365 _a
365 _b160
856 _uhttp://www.taylorfrancis.com/books/9780429452567
942 _cEBOOK
999 _c1833146
_d1833146